[Event "Mundial Juvenil 2005 s18"]
[Site "Belfort FRA"]
[Date "2005.07.19"]
[Round "1.13"]
[White "Moranda, Wojciech"]
[Black "Yahya, Mohamed Saleh"]
[Result "1-0"]
[WhiteElo "2453"]
[BlackElo "2160"]
[PlyCount "47"]
[EventDate "2005.07.19"]
[EventType "swiss"]
[EventRounds "11"]
[EventCountry "FRA"]
[Source "lmi"]
[SourceDate "2005.07.31"]

1. e4 e5 2. Nf3 Nc6 3. Bb5 a6 4. Ba4 Nf6 5. O-O Nxe4 6. d4 b5 7. Bb3 d5 8. dxe5
Be6 9. Qe1 Be7 10. Bf4 O-O 11. Nbd2 Nc5 12. Rd1 Qd7 13. Qe2 Na5 14. Rfe1 Ncxb3
15. axb3 c5 16. Ne4 Nc6 17. Ng3 Rfd8 18. h3 Qc7 19. Nh5 c4 20. Ng5 Bxg5 21.
Bxg5 Rdc8 22. bxc4 dxc4 23. Nxg7 Kxg7 24. Qh5 1-0

[Event "Mundial Juvenil 2005 s18"]
[Site "Belfort FRA"]
[Date "2005.07.19"]
[Round "1.16"]
[White "Garro, Pierre"]
[Black "Pashikian, Arman"]
[Result "0-1"]
[WhiteElo "2131"]
[BlackElo "2442"]
[PlyCount "76"]
[EventDate "2005.07.19"]
[EventType "swiss"]
[EventRounds "11"]
[EventCountry "FRA"]
[Source "lmi"]
[SourceDate "2005.07.31"]

1. e4 c5 2. Nf3 d6 3. d4 cxd4 4. Nxd4 Nf6 5. Nc3 a6 6. Be3 e5 7. Nb3 Be6 8. Be2
Nbd7 9. O-O Be7 10. f4 Rc8 11. Nd2 exf4 12. Rxf4 O-O 13. a4 Ne5 14. h3 d5 15.
exd5 Rxc3 16. Bd4 Nxd5 17. bxc3 Nxf4 18. Bxe5 Bc5+ 19. Kh1 Qg5 20. Bxf4 Qxf4
21. Nf3 Qg3 22. Qd2 h6 23. Rd1 Bb6 24. Qd6 Qf2 25. Qe5 Rc8 26. Rf1 Qe3 27. Rb1
Qxe5 28. Nxe5 Ba5 29. Rxb7 Bxc3 30. Nd7 a5 31. Bd3 g6 32. Kh2 Kg7 33. Kg3 Bd4
34. Kf4 Rd8 35. Nb6 Bg1 36. Kf3 Rd6 37. Nc4 Rxd3+ 38. cxd3 Bd5+ 0-1

[Event "Mundial Juvenil 2005 s18"]
[Site "Belfort FRA"]
[Date "2005.07.19"]
[Round "1.17"]
[White "Tukhaev, Adam"]
[Black "Vovk, Ilja"]
[Result "1-0"]
[WhiteElo "2438"]
[BlackElo "2127"]
[PlyCount "57"]
[EventDate "2005.07.19"]
[EventType "swiss"]
[EventRounds "11"]
[EventCountry "FRA"]
[Source "lmi"]
[SourceDate "2005.07.31"]

1. e4 c5 2. Nf3 d6 3. d4 cxd4 4. Nxd4 Nf6 5. Nc3 a6 6. Bc4 e6 7. Bb3 b5 8. Bg5
Be7 9. Qf3 Bb7 10. Bxe6 O-O 11. Bb3 b4 12. Nce2 Bxe4 13. Qe3 Re8 14. O-O Qa5
15. Ng3 Bc6 16. Ngf5 Bf8 17. Qf4 Re4 18. Nh6+ gxh6 19. Qxf6 Bd5 20. Bxh6 Rg4
21. f3 Nd7 22. Qf5 Rxd4 23. Be3 Bg7 24. Qxd7 Rh4 25. Qf5 Re8 26. Bxd5 Qc7 27.
Bf2 Re5 28. Qxf7+ Qxf7 29. Bxf7+ 1-0

[Event "Mundial Juvenil 2005 s18"]
[Site "Belfort FRA"]
[Date "2005.07.19"]
[Round "1.19"]
[White "Ragger, Markus"]
[Black "Colmenares, Aurelio"]
[Result "1-0"]
[WhiteElo "2434"]
[BlackElo "2122"]
[PlyCount "53"]
[EventDate "2005.07.19"]
[EventType "swiss"]
[EventRounds "11"]
[EventCountry "FRA"]
[Source "lmi"]
[SourceDate "2005.07.31"]

1. e4 e6 2. d4 d5 3. Nc3 Nf6 4. Bd3 c5 5. exd5 Nxd5 6. Nxd5 Qxd5 7. Nf3 Nc6 8.
dxc5 Bxc5 9. O-O O-O 10. Qe2 Qh5 11. Qe4 Nb4 12. Bc4 Qg6 13. Qe2 Qxc2 14. Bd2
b5 15. Rac1 Qf5 16. Bxb5 Rb8 17. Bc4 Bd6 18. Nd4 Qg6 19. Kh1 Bb7 20. f4 Be4 21.
Rc3 Bd5 22. Nb5 Bxc4 23. Qxc4 Be7 24. Nxa7 Qh5 25. f5 exf5 26. a3 Bd6 27. h3
1-0

[Event "Mundial Juvenil 2005 s18"]
[Site "Belfort FRA"]
[Date "2005.07.19"]
[Round "1.20"]
[White "Gunsen, Bat-Ochir"]
[Black "Sengupta, Deep"]
[Result "1/2-1/2"]
[WhiteElo "2120"]
[BlackElo "2414"]
[PlyCount "137"]
[EventDate "2005.07.19"]
[EventType "swiss"]
[EventRounds "11"]
[EventCountry "FRA"]
[Source "lmi"]
[SourceDate "2005.07.31"]

1. e4 e6 2. d4 b6 3. Be3 Bb7 4. Nd2 g6 5. f4 Bg7 6. Ngf3 Ne7 7. Bd3 f5 8. e5
Nd5 9. Qe2 Bh6 10. g3 Nb4 11. h4 Qe7 12. h5 N8a6 13. a3 Nxd3+ 14. Qxd3 d6 15.
O-O-O O-O-O 16. hxg6 hxg6 17. Rh2 Bg7 18. Rxh8 Bxh8 19. Qc4 Nb8 20. Rh1 Bd5 21.
Qb4 c5 22. Qc3 Qb7 23. Rf1 Nc6 24. dxc5 dxc5 25. Ng5 Bg7 26. Bf2 Rh8 27. Nc4
Qe7 28. Qd3 Nxe5 29. fxe5 Qxg5+ 30. Kb1 Qe7 31. Nd6+ Kb8 32. c4 Bc6 33. Qe3 Rd8
34. Re1 Bxe5 35. Nxf5 exf5 36. Qxe5+ Qxe5 37. Rxe5 Be4+ 38. Kc1 Rd3 39. Re8+
Kb7 40. Re7+ Kb8 41. Be1 Rd4 42. Bc3 Rd8 43. Be5+ Ka8 44. Rh7 Bc6 45. Rh8 Be8
46. Bf6 Rc8 47. Rh7 Ba4 48. Rh8 Rxh8 49. Bxh8 Bb3 50. Kd2 Bxc4 51. Ke3 Kb7 52.
Kf4 Be2 53. Bc3 Kc6 54. Ke3 Bh5 55. Kd3 Kd5 56. b4 Bf3 57. Bf6 cxb4 58. axb4 a5
59. bxa5 bxa5 60. Bd8 a4 61. Be7 Ke6 62. Ba3 Kf6 63. Bc1 Ke5 64. Bf4+ Kd5 65.
Kc3 Ke4 66. Kb2 Bd1 67. Ka3 Kf3 68. Bb8 g5 69. Bc7 1/2-1/2

[Event "Mundial Juvenil 2005 s18"]
[Site "Belfort FRA"]
[Date "2005.07.20"]
[Round "2.1"]
[White "Wojtaszek, Radoslaw"]
[Black "Cuenca Jimenez, Jose"]
[Result "1-0"]
[WhiteElo "2591"]
[BlackElo "2351"]
[PlyCount "67"]
[EventDate "2005.07.19"]
[EventType "swiss"]
[EventRounds "11"]
[EventCountry "FRA"]
[Source "lmi"]
[SourceDate "2005.07.31"]

1. d4 g6 2. e4 Bg7 3. Nc3 c5 4. d5 d6 5. f4 Nf6 6. Bb5+ Nfd7 7. a4 O-O 8. Nf3
Na6 9. O-O Nc7 10. Bd3 Rb8 11. Qe1 a6 12. a5 e6 13. dxe6 fxe6 14. f5 gxf5 15.
exf5 e5 16. Bc4+ Kh8 17. Bg5 Qe8 18. Rd1 b5 19. axb6 Nxb6 20. f6 Bxf6 21. Rxd6
Bg7 22. Rd8 Nxc4 23. Rxe8 Rxe8 24. Ne4 Rf8 25. b3 Nb6 26. Be7 Rf7 27. Nfg5 Rxe7
28. Qh4 h6 29. Nf7+ Rxf7 30. Rxf7 Ne6 31. Rxg7 Kxg7 32. Qe7+ Kg6 33. Qf6+ Kh5
34. Ng3+ 1-0

[Event "Mundial Juvenil 2005 s18"]
[Site "Belfort FRA"]
[Date "2005.07.20"]
[Round "2.4"]
[White "Wen, Yang"]
[Black "Brkic, Ante"]
[Result "1-0"]
[WhiteElo "2327"]
[BlackElo "2477"]
[PlyCount "75"]
[EventDate "2005.07.19"]
[EventType "swiss"]
[EventRounds "11"]
[EventCountry "FRA"]
[Source "lmi"]
[SourceDate "2005.07.31"]

1. e4 c5 2. Nf3 d6 3. Nc3 a6 4. d4 cxd4 5. Nxd4 Nf6 6. Be2 e5 7. Nb3 Be7 8. Be3
Be6 9. Nd5 Nbd7 10. Qd3 O-O 11. O-O Bxd5 12. exd5 Nc5 13. Nxc5 dxc5 14. c4 e4
15. Qc3 Qc7 16. f4 exf3 17. Bxf3 Bd6 18. g3 Rae8 19. Rae1 Nd7 20. Kg2 Ne5 21.
Bf4 Ng6 22. Bc1 Ne5 23. Bf4 b5 24. b3 b4 25. Qd2 a5 26. Be4 Nd7 27. Bf5 Bxf4
28. Qxf4 Qxf4 29. gxf4 Nb6 30. Bh3 a4 31. Re5 f6 32. Re6 Rxe6 33. Bxe6+ Kh8 34.
Rd1 Rd8 35. d6 axb3 36. axb3 Nd7 37. Kf3 g6 38. f5 1-0

[Event "Mundial Juvenil 2005 s18"]
[Site "Belfort FRA"]
[Date "2005.07.20"]
[Round "2.5"]
[White "Michielsen, Joost"]
[Black "Papp, Gabor"]
[Result "0-1"]
[WhiteElo "2320"]
[BlackElo "2474"]
[PlyCount "75"]
[EventDate "2005.07.19"]
[EventType "swiss"]
[EventRounds "11"]
[EventCountry "FRA"]
[Source "lmi"]
[SourceDate "2005.07.31"]

1. e4 c5 2. Nf3 e6 3. d4 cxd4 4. Nxd4 Qb6 5. Nb3 Qc7 6. Bd3 a6 7. O-O d6 8. Qe2
Nd7 9. Nc3 Ngf6 10. Bd2 Be7 11. f4 b5 12. Rae1 b4 13. Nd1 Bb7 14. Kh1 a5 15. c3
d5 16. exd5 Bxd5 17. f5 e5 18. c4 Bb7 19. Bf4 O-O 20. Bg3 Bd6 21. Nf2 Rac8 22.
Nd2 Nc5 23. Nfe4 Bxe4 24. Nxe4 Ncxe4 25. Bxe4 Qxc4 26. Bd3 Qxa2 27. Bh4 e4 28.
Bxf6 gxf6 29. Bxe4 Be5 30. Ra1 Qxb2 31. Qxb2 Bxb2 32. Rxa5 Rfe8 33. Bb1 b3 34.
Rb5 Re3 35. g3 Be5 36. Kg2 b2 37. Rf3 Re1 38. Rf1 0-1

[Event "Mundial Juvenil 2005 s18"]
[Site "Belfort FRA"]
[Date "2005.07.20"]
[Round "2.6"]
[White "Deepan Chakkravarthy"]
[Black "Skoberne, Jure"]
[Result "0-1"]
[WhiteElo "2465"]
[BlackElo "2312"]
[PlyCount "60"]
[EventDate "2005.07.19"]
[EventType "swiss"]
[EventRounds "11"]
[EventCountry "FRA"]
[Source "lmi"]
[SourceDate "2005.07.31"]

1. e4 g6 2. d4 Bg7 3. Nc3 d6 4. Be3 c6 5. Qd2 b5 6. f3 Nd7 7. h4 h6 8. Bd3 Bb7
9. Nge2 a6 10. h5 g5 11. a4 Ngf6 12. Ng3 e6 13. Nd1 Qc7 14. Nf2 c5 15. axb5
cxd4 16. Bxd4 d5 17. Ne2 O-O 18. bxa6 dxe4 19. fxe4 Nc5 20. Bxc5 Qxc5 21. Ra5
Qb6 22. Rb5 Qxa6 23. O-O Qa7 24. Ng3 Bc6 25. Rb4 Ng4 26. Qe2 Ne5 27. Kh1 Qe7
28. c3 g4 29. Kg1 Qh4 30. Qe3 Nf3+ 0-1

[Event "Mundial Juvenil 2005 s18"]
[Site "Belfort FRA"]
[Date "2005.07.20"]
[Round "2.7"]
[White "Pancevski, Filip"]
[Black "Fier, Alexander Hilario T"]
[Result "1-0"]
[WhiteElo "2319"]
[BlackElo "2462"]
[PlyCount "75"]
[EventDate "2005.07.19"]
[EventType "swiss"]
[EventRounds "11"]
[EventCountry "FRA"]
[Source "lmi"]
[SourceDate "2005.07.31"]

1. e4 c5 2. Ne2 Nc6 3. d4 cxd4 4. Nxd4 Nf6 5. Nc3 d6 6. Bc4 e6 7. Be3 a6 8. Qe2
Qc7 9. O-O-O Be7 10. Bb3 Na5 11. g4 b5 12. g5 Nxb3+ 13. axb3 Nd7 14. f4 b4 15.
Na4 Bb7 16. Bd2 Nc5 17. Bxb4 Nxe4 18. Rhe1 d5 19. Bxe7 Qxf4+ 20. Kb1 Kxe7 21.
c4 Rad8 22. Rf1 Qxg5 23. Qe1 dxc4 24. Qb4+ Nd6 25. Nc5 Bg2 26. Rfe1 Rhe8 27.
Ka1 Kf6 28. Rg1 Qd5 29. Ndxe6 fxe6 30. Rxd5 Bxd5 31. Qc3+ e5 32. bxc4 Bc6 33.
Qh3 Nf5 34. Qxh7 e4 35. Qg6+ Ke5 36. Qxc6 e3 37. Qe4+ Kf6 38. Nd7+ 1-0

[Event "Mundial Juvenil 2005 s18"]
[Site "Belfort FRA"]
[Date "2005.07.20"]
[Round "2.8"]
[White "Stopa, Jacek"]
[Black "Bogosavljevic, Boban"]
[Result "1-0"]
[WhiteElo "2460"]
[BlackElo "2302"]
[PlyCount "71"]
[EventDate "2005.07.19"]
[EventType "swiss"]
[EventRounds "11"]
[EventCountry "FRA"]
[Source "lmi"]
[SourceDate "2005.07.31"]

1. e4 c5 2. Nf3 Nc6 3. d4 cxd4 4. Nxd4 Nf6 5. Nc3 e5 6. Ndb5 d6 7. Bg5 a6 8.
Na3 b5 9. Nd5 Be7 10. Bxf6 Bxf6 11. c3 O-O 12. Nc2 Bg5 13. a4 bxa4 14. Rxa4 a5
15. Bc4 Rb8 16. Ra2 Kh8 17. Nce3 g6 18. h4 Bxh4 19. g3 Bg5 20. f4 exf4 21. gxf4
Bh4+ 22. Kf1 f5 23. b4 Rb7 24. Rah2 g5 25. b5 Ne5 26. fxe5 dxe5 27. Qb1 fxe4+
28. Ke2 Rbf7 29. Qxe4 Qd6 30. Bd3 Bb7 31. c4 Qa3 32. Qxe5+ Kg8 33. Nf5 Rxf5 34.
Bxf5 Qa2+ 35. Ke3 Qa3+ 36. Kd2 1-0

[Event "Mundial Juvenil 2005 s18"]
[Site "Belfort FRA"]
[Date "2005.07.20"]
[Round "2.9"]
[White "Hungaski, Roberto"]
[Black "Milman, Lev"]
[Result "0-1"]
[WhiteElo "2308"]
[BlackElo "2459"]
[PlyCount "58"]
[EventDate "2005.07.19"]
[EventType "swiss"]
[EventRounds "11"]
[EventCountry "FRA"]
[Source "lmi"]
[SourceDate "2005.07.31"]

1. e4 c5 2. Nf3 d6 3. d4 cxd4 4. Nxd4 Nf6 5. Nc3 a6 6. f4 e6 7. Qf3 Qb6 8. Nb3
Qc7 9. g4 b5 10. Bd3 Bb7 11. g5 Nfd7 12. Qh3 g6 13. Bd2 Nc5 14. Qf3 Nbd7 15.
Ne2 d5 16. Ng3 dxe4 17. Nxe4 Bg7 18. O-O-O Rc8 19. Rhf1 Nxe4 20. Bxe4 f5 21.
gxf6 Nxf6 22. Ba5 Bxe4 23. Qxe4 Nxe4 24. Bxc7 Rxc7 25. Rfe1 Rc4 26. Na5 Ra4 27.
Nc6 O-O 28. c3 Nc5 29. Nb4 a5 0-1

[Event "Mundial Juvenil 2005 s18"]
[Site "Belfort FRA"]
[Date "2005.07.20"]
[Round "2.11"]
[White "Astaneh Lopez, Alex"]
[Black "Moranda, Wojciech"]
[Result "0-1"]
[WhiteElo "2304"]
[BlackElo "2453"]
[PlyCount "80"]
[EventDate "2005.07.19"]
[EventType "swiss"]
[EventRounds "11"]
[EventCountry "FRA"]
[Source "lmi"]
[SourceDate "2005.07.31"]

1. e4 c5 2. Nf3 d6 3. d4 cxd4 4. Nxd4 Nf6 5. Nc3 g6 6. Bc4 Bg7 7. O-O O-O 8. h3
Nc6 9. Be3 Na5 10. Bd3 d5 11. e5 Ne4 12. Nxe4 dxe4 13. Bxe4 Bxe5 14. c3 Bg7 15.
Qe2 f5 16. Bc2 e5 17. Nb3 Nc6 18. f4 Re8 19. Rad1 Qc7 20. Qf2 b6 21. fxe5 Ba6
22. Rfe1 Bxe5 23. Qf3 Bb7 24. Qd5+ Kh8 25. Bg5 Nd4 26. Qxe5+ Rxe5 27. Bf6+ Kg8
28. Nxd4 Rxe1+ 29. Rxe1 Bd5 30. Re7 Qd6 31. Rg7+ Kf8 32. Be7+ Qxe7 33. Rxe7
Kxe7 34. a3 Kf6 35. g3 Ke5 36. Ne2 Be4 37. Bb3 Rd8 38. Nd4 Rd6 39. Bg8 g5 40.
Kf2 Rh6 0-1

[Event "Mundial Juvenil 2005 s18"]
[Site "Belfort FRA"]
[Date "2005.07.20"]
[Round "2.14"]
[White "Pashikian, Arman"]
[Black "Vicol, Dorian"]
[Result "1-0"]
[WhiteElo "2442"]
[BlackElo "2273"]
[PlyCount "51"]
[EventDate "2005.07.19"]
[EventType "swiss"]
[EventRounds "11"]
[EventCountry "FRA"]
[Source "lmi"]
[SourceDate "2005.07.31"]

1. e4 c6 2. d4 d5 3. Nc3 g6 4. h3 Bg7 5. Nf3 dxe4 6. Nxe4 Bf5 7. Bd3 Nf6 8. Nc5
Bxd3 9. Nxd3 Nbd7 10. O-O O-O 11. Qe2 Re8 12. Nde5 h6 13. Re1 e6 14. Bf4 Qe7
15. c4 c5 16. Rad1 cxd4 17. Rxd4 Rad8 18. Nc6 Qc5 19. Nxd8 e5 20. Nxb7 Qb6 21.
Nd6 Re6 22. c5 Qxc5 23. Ne4 exd4 24. Nxc5 Rxe2 25. Rxe2 Nxc5 26. Nxd4 1-0

[Event "Mundial Juvenil 2005 s18"]
[Site "Belfort FRA"]
[Date "2005.07.20"]
[Round "2.15"]
[White "Pile, Richard"]
[Black "Tukhaev, Adam"]
[Result "0-1"]
[WhiteElo "2286"]
[BlackElo "2438"]
[PlyCount "53"]
[EventDate "2005.07.19"]
[EventType "swiss"]
[EventRounds "11"]
[EventCountry "FRA"]
[Source "lmi"]
[SourceDate "2005.07.31"]

1. e4 c5 2. Nf3 d6 3. d4 cxd4 4. Nxd4 Nf6 5. f3 a6 6. c4 e6 7. Nc3 Be7 8. Be3
O-O 9. Be2 b6 10. O-O Bb7 11. Qd2 Nbd7 12. a4 Qc7 13. Rfc1 Rac8 14. a5 bxa5 15.
Nb3 Ba8 16. Nxa5 Qb8 17. c5 dxc5 18. Bxa6 Rcd8 19. Bf1 Ne5 20. Qf2 Bd6 21. Kh1
Nfd7 22. Qe2 Nb6 23. Bg1 h5 24. Rd1 h4 25. Qb5 Qc7 26. Nc4 Bc6 27. Qa5 0-1

[Event "Mundial Juvenil 2005 s18"]
[Site "Belfort FRA"]
[Date "2005.07.20"]
[Round "2.17"]
[White "Khamrakulov, Dzhurabek"]
[Black "Ragger, Markus"]
[Result "0-1"]
[WhiteElo "2280"]
[BlackElo "2434"]
[PlyCount "69"]
[EventDate "2005.07.19"]
[EventType "swiss"]
[EventRounds "11"]
[EventCountry "FRA"]
[Source "lmi"]
[SourceDate "2005.07.31"]

1. e4 e5 2. Nf3 Nc6 3. d4 exd4 4. Nxd4 Bc5 5. Be3 Qf6 6. c3 Nge7 7. Bc4 b6 8.
O-O Bb7 9. f4 Qg6 10. Nd2 Nxd4 11. cxd4 Nf5 12. Bxf7+ Qxf7 13. exf5 Bd6 14. Qc2
O-O 15. Nc4 Qd5 16. Rf3 Rxf5 17. Nxd6 cxd6 18. Rg3 Rc8 19. Qb3 Qxb3 20. axb3
Rc2 21. Rxa7 Bc6 22. Rc7 Rxb2 23. Rc8+ Kf7 24. h3 Ra5 25. d5 Rxd5 26. Rh8 Rd1+
27. Kh2 Rbb1 28. Rg4 Rh1+ 29. Kg3 Rxb3 30. Rxh7 Rxe3+ 31. Kh4 Ke7 32. Rgxg7+
Kd8 33. Kg5 b5 34. f5 Rf1 35. h4 0-1

[Event "Mundial Juvenil 2005 s18"]
[Site "Belfort FRA"]
[Date "2005.07.20"]
[Round "2.18"]
[White "Meng, Fanhao"]
[Black "Amin, Bassem"]
[Result "0-1"]
[WhiteElo "2270"]
[BlackElo "2400"]
[PlyCount "102"]
[EventDate "2005.07.19"]
[EventType "swiss"]
[EventRounds "11"]
[EventCountry "FRA"]
[Source "lmi"]
[SourceDate "2005.07.31"]

1. e4 e5 2. Nf3 Nc6 3. Bb5 a6 4. Ba4 Nf6 5. d3 b5 6. Bb3 Be7 7. O-O d6 8. c3
O-O 9. a4 b4 10. Re1 Rb8 11. Nbd2 Na5 12. Ba2 c5 13. Nc4 Nxc4 14. Bxc4 bxc3 15.
bxc3 Qa5 16. Bd2 Bg4 17. h3 Bh5 18. g4 Bg6 19. Qc2 Nd7 20. Reb1 Rxb1+ 21. Rxb1
Nb6 22. Qb3 Bd8 23. Bg5 Nxc4 24. Qxc4 Bxg5 25. Nxg5 h5 26. Nf3 hxg4 27. hxg4
Qd8 28. Qd5 Qf6 29. Nh2 Qf4 30. c4 Rd8 31. Rb6 Kh7 32. Kg2 f6 33. Rxa6 Rb8 34.
Rxd6 Rb1 35. Rd8 Qc1 36. Qg8+ Kh6 37. Rd7 Qg1+ 38. Kf3 Qh1+ 39. Ke3 Re1+ 40.
Kd2 Rd1+ 41. Ke3 Qe1+ 42. Kf3 Rxd3+ 43. Kg2 Qxe4+ 44. f3 Qe2+ 45. Kh3 Rd1 46.
Qh8+ Bh7 47. g5+ Kg6 48. gxf6 gxf6 49. a5 Kg5 50. Qe8 Bf5+ 51. Kg3 Qe1+ 0-1

[Event "Mundial Juvenil 2005 s18"]
[Site "Belfort FRA"]
[Date "2005.07.20"]
[Round "2.19"]
[White "Grigorov, Grigor"]
[Black "Forgues, Fabien"]
[Result "1-0"]
[WhiteElo "2400"]
[BlackElo "2065"]
[PlyCount "80"]
[EventDate "2005.07.19"]
[EventType "swiss"]
[EventRounds "11"]
[EventCountry "FRA"]
[Source "lmi"]
[SourceDate "2005.07.31"]

1. d4 Nf6 2. c4 e6 3. Nc3 Bb4 4. Qc2 O-O 5. a3 Bxc3+ 6. Qxc3 b6 7. Bg5 h6 8.
Bh4 Bb7 9. e3 d6 10. Ne2 Nbd7 11. Qd3 c5 12. Nc3 a6 13. Rd1 Qc7 14. dxc5 dxc5
15. Qd6 Qc6 16. Qxc6 Bxc6 17. f3 Ne5 18. Be2 Rfd8 19. O-O Rxd1 20. Rxd1 Rc8 21.
Bg3 Ng6 22. b4 cxb4 23. axb4 Nf8 24. e4 N8d7 25. e5 Nh5 26. b5 Nxg3 27. hxg3
axb5 28. cxb5 Bd5 29. Nxd5 exd5 30. Rxd5 Nc5 31. Rd6 Rb8 32. Bc4 Kf8 33. Rc6
Rb7 34. f4 Ke7 35. Bd5 Nd7 36. Rxh6 gxh6 37. Bxb7 f6 38. exf6+ Nxf6 39. Kf2 Ne8
40. g4 Kf6 1-0

[Event "Mundial Juvenil 2005 s18"]
[Site "Belfort FRA"]
[Date "2005.07.20"]
[Round "2.20"]
[White "Teodorescu, Razvan"]
[Black "Valeanu, Eduard-Andrei"]
[Result "0-1"]
[WhiteElo "2045"]
[BlackElo "2398"]
[PlyCount "104"]
[EventDate "2005.07.19"]
[EventType "swiss"]
[EventRounds "11"]
[EventCountry "FRA"]
[Source "lmi"]
[SourceDate "2005.07.31"]

1. d4 d5 2. Bf4 Nf6 3. e3 c6 4. c4 e6 5. Nc3 Nbd7 6. Nf3 Be7 7. h3 O-O 8. Rc1
dxc4 9. Bxc4 b5 10. Bd3 Bb7 11. O-O a6 12. Bb1 c5 13. Ne5 Nxe5 14. Bxe5 c4 15.
g4 Bd6 16. f4 Bxe5 17. fxe5 Nd5 18. Qe1 Qg5 19. Nxd5 Bxd5 20. Rf4 Qe7 21. Qg3
f6 22. exf6 Rxf6 23. Qh4 h6 24. g5 Rxf4 25. exf4 Rf8 26. Rf1 Qa7 27. Rd1 Bf3
28. Rd2 h5 29. Qg3 Qb7 30. Rf2 Be4 31. Bxe4 Qxe4 32. Qf3 Qxf3 33. Rxf3 Rd8 34.
Re3 Rxd4 35. Rxe6 Rd2 36. g6 Kf8 37. Rxa6 Rxb2 38. Kf1 c3 39. Rc6 b4 40. Ke1
Rxa2 41. Kd1 Ke7 42. f5 Rg2 43. Rb6 Rb2 44. Rb7+ Kf6 45. Rf7+ Ke5 46. Rxg7 Kxf5
47. Rc7 Kxg6 48. Rc6+ Kf5 49. Kc1 Ke4 50. Rc8 Kd4 51. Rh8 Rh2 52. Rxh5 b3 0-1

[Event "Mundial Juvenil 2005 s18"]
[Site "Belfort FRA"]
[Date "2005.07.21"]
[Round "3.1"]
[White "Ragger, Markus"]
[Black "Wojtaszek, Radoslaw"]
[Result "1-0"]
[WhiteElo "2434"]
[BlackElo "2591"]
[PlyCount "96"]
[EventDate "2005.07.19"]
[EventType "swiss"]
[EventRounds "11"]
[EventCountry "FRA"]
[Source "lmi"]
[SourceDate "2005.07.31"]

1. e4 c6 2. Nc3 d5 3. Nf3 dxe4 4. Nxe4 Nf6 5. Nxf6+ gxf6 6. g3 Bg4 7. Bg2 Qd7
8. d4 Na6 9. c3 h5 10. Be3 Nc7 11. h3 Be6 12. Qe2 Nd5 13. Bd2 Nb6 14. b3 O-O-O
15. c4 Kb8 16. a4 Nc8 17. a5 a6 18. O-O Bxh3 19. Ne5 fxe5 20. Qxe5+ Nd6 21.
Qxh8 Bxg2 22. Kxg2 Qg4 23. Bf4 Kc8 24. Rh1 Nf5 25. Qe5 Rd6 26. Qh8 Rd8 27. Qxh5
Qxh5 28. Rxh5 Nxd4 29. Rd1 Bg7 30. Be5 Bxe5 31. Rxe5 Nxb3 32. Rb1 Nd2 33. Rb4
e6 34. c5 Rd3 35. Rf4 Rd7 36. Re3 Kd8 37. f3 Ke7 38. Kf2 Rd5 39. Ke2 e5 40. Rb4
Kf6 41. Rc3 Rd4 42. Rxd4 exd4 43. Rd3 Nc4 44. Rxd4 Nxa5 45. Kd3 Nb3 46. Rd6+
Kf5 47. Kc4 Nc1 48. Rd2 a5 1-0

[Event "Mundial Juvenil 2005 s18"]
[Site "Belfort FRA"]
[Date "2005.07.21"]
[Round "3.3"]
[White "Bluvshtein, Mark"]
[Black "Grigorov, Grigor"]
[Result "1-0"]
[WhiteElo "2525"]
[BlackElo "2400"]
[PlyCount "65"]
[EventDate "2005.07.19"]
[EventType "swiss"]
[EventRounds "11"]
[EventCountry "FRA"]
[Source "lmi"]
[SourceDate "2005.07.31"]

1. d4 d5 2. c4 e6 3. Nc3 c6 4. e4 dxe4 5. Nxe4 Bb4+ 6. Bd2 Qxd4 7. Bxb4 Qxe4+
8. Be2 c5 9. Bxc5 Qxg2 10. Qd6 Nd7 11. O-O-O Qc6 12. Qxc6 bxc6 13. Bf3 Bb7 14.
Bd6 Ne7 15. Be4 Nf6 16. Bg2 Nf5 17. Bc5 Nd7 18. Ba3 Nh4 19. Be4 Ne5 20. Nh3
Nxc4 21. Bc5 Nb6 22. Rhg1 Ng6 23. Ng5 Nd7 24. Nxf7 Nxc5 25. Bxg6 Rf8 26. Nd6+
Ke7 27. Bxh7 Ba6 28. Rxg7+ Kf6 29. Rc7 Be2 30. Rg1 Bf3 31. b4 Na6 32. Rd7 Bd5
33. f4 1-0

[Event "Mundial Juvenil 2005 s18"]
[Site "Belfort FRA"]
[Date "2005.07.21"]
[Round "3.4"]
[White "Papp, Gabor"]
[Black "Valeanu, Eduard-Andrei"]
[Result "1/2-1/2"]
[WhiteElo "2474"]
[BlackElo "2398"]
[PlyCount "35"]
[EventDate "2005.07.19"]
[EventType "swiss"]
[EventRounds "11"]
[EventCountry "FRA"]
[Source "lmi"]
[SourceDate "2005.07.31"]

1. e4 c5 2. Nf3 d6 3. d4 cxd4 4. Nxd4 Nf6 5. Nc3 a6 6. Be3 e6 7. f3 b5 8. Qd2
b4 9. Nce2 e5 10. Nb3 Nc6 11. g4 h6 12. Ng3 Be6 13. Rd1 g6 14. Qf2 Qc7 15. h4
h5 16. g5 Nd7 17. Bd3 Be7 18. Nd2 1/2-1/2

[Event "Mundial Juvenil 2005 s18"]
[Site "Belfort FRA"]
[Date "2005.07.21"]
[Round "3.5"]
[White "Netzer, Jean"]
[Black "Stopa, Jacek"]
[Result "1/2-1/2"]
[WhiteElo "2378"]
[BlackElo "2460"]
[PlyCount "97"]
[EventDate "2005.07.19"]
[EventType "swiss"]
[EventRounds "11"]
[EventCountry "FRA"]
[Source "lmi"]
[SourceDate "2005.07.31"]

1. e4 c5 2. Nf3 d6 3. d4 cxd4 4. Nxd4 Nf6 5. f3 g6 6. c4 Bg7 7. Nc3 O-O 8. Be2
Nc6 9. Nc2 b6 10. Be3 Ba6 11. Qd2 Rc8 12. O-O Nd7 13. b3 Bb7 14. Rac1 Kh8 15.
Rfd1 Qe8 16. Nd5 Nc5 17. Bf1 Ne6 18. Re1 Ne5 19. Bf2 Qd7 20. Nd4 h5 21. Kh1 Kh7
22. Nb5 Bc6 23. a4 Nc5 24. Rb1 Bxd5 25. exd5 Rfe8 26. h3 Qb7 27. f4 Ned7 28.
Nd4 a5 29. Nc6 e5 30. fxe5 Nxe5 31. Nxe5 Bxe5 32. Bd3 Qe7 33. Bxc5 bxc5 34. Rf1
Ra8 35. Rf3 Kg7 36. Rbf1 Rf8 37. Bc2 f5 38. g3 Rf7 39. h4 Re8 40. Kg2 Qd8 41.
Bd3 Ref8 42. Qf2 Rf6 43. Bb1 f4 44. gxf4 Rxf4 45. Qg3 Rg4 46. Qxg4 hxg4 47.
Rxf8 Qxf8 48. Rxf8 Kxf8 49. Bxg6 1/2-1/2

[Event "Mundial Juvenil 2005 s18"]
[Site "Belfort FRA"]
[Date "2005.07.21"]
[Round "3.6"]
[White "Milman, Lev"]
[Black "Margvelashvili, Giorgi"]
[Result "1/2-1/2"]
[WhiteElo "2459"]
[BlackElo "2353"]
[PlyCount "41"]
[EventDate "2005.07.19"]
[EventType "swiss"]
[EventRounds "11"]
[EventCountry "FRA"]
[Source "lmi"]
[SourceDate "2005.07.31"]

1. e4 c6 2. d4 d5 3. e5 Bf5 4. Nf3 e6 5. Be2 Nd7 6. O-O h6 7. Nbd2 Ne7 8. c4
dxc4 9. Nxc4 Nd5 10. Bd2 Be7 11. Qb3 N7b6 12. a4 Nxc4 13. Bxc4 Qb6 14. Bxd5
cxd5 15. Qc3 Qc6 16. Rfc1 Qxc3 17. Rxc3 Kd7 18. Rb3 Rab8 19. Rc1 b6 20. a5 bxa5
21. Bxa5 1/2-1/2

[Event "Mundial Juvenil 2005 s18"]
[Site "Belfort FRA"]
[Date "2005.07.21"]
[Round "3.7"]
[White "Moranda, Wojciech"]
[Black "Wen, Yang"]
[Result "1/2-1/2"]
[WhiteElo "2453"]
[BlackElo "2327"]
[PlyCount "106"]
[EventDate "2005.07.19"]
[EventType "swiss"]
[EventRounds "11"]
[EventCountry "FRA"]
[Source "lmi"]
[SourceDate "2005.07.31"]

1. e4 c5 2. Nf3 Nc6 3. d4 cxd4 4. Nxd4 Qc7 5. Nc3 e6 6. Be3 a6 7. Qd2 Nf6 8.
O-O-O Bb4 9. f3 Ne7 10. Nde2 b5 11. Qd4 Nc6 12. Qb6 Qxb6 13. Bxb6 Rb8 14. Bc7
Rb7 15. Bf4 h6 16. g4 g5 17. Be3 Be7 18. Nd4 Ne5 19. h4 Rg8 20. hxg5 hxg5 21.
Be2 d6 22. a4 b4 23. Na2 Rb8 24. Bd2 d5 25. f4 gxf4 26. Bxf4 Bd6 27. Bxe5 Bxe5
28. Nc6 Bf4+ 29. Kb1 Rb6 30. exd5 Nxd5 31. Naxb4 Bd7 32. Nxd5 exd5 33. Nd4 Bxa4
34. Bf3 Bd7 35. Rhe1+ Kf8 36. Nf5 Bxf5 37. gxf5 Rg5 38. Rxd5 Rb5 39. Rxb5 axb5
40. Be4 b4 41. Rd1 Ke7 42. Ka2 f6 43. Rd4 Bd6 44. Bd3 Rg8 45. Rh4 Kd7 46. Kb3
Rb8 47. Bc4 Be5 48. Rh7+ Kd6 49. Be6 Kc5 50. Rd7 Kc6 51. Rd5 Rb7 52. Ra5 Rb8
53. Bc4 Bd4 1/2-1/2